Vista normal Vista MARC

Entrada Personal Name

Número de registros utilizados en: 1

001 - CONTROL NUMBER

  • control field: 38008

003 - CONTROL NUMBER IDENTIFIER

  • control field: OSt

005 - DATE AND TIME OF LATEST TRANSACTION

  • control field: 20210528110945.0

008 - FIXED-LENGTH DATA ELEMENTS

  • fixed length control field: 210528|| aca||aabn | a|a d

040 ## - CATALOGING SOURCE

  • Original cataloging agency: OSt
  • Transcribing agency: OSt

100 ## - HEADING--PERSONAL NAME

  • Personal name: Guterman, Lía

670 ## - SOURCE DATA FOUND

  • Source citation: Work cat.: (OSt)11799: Oficina Internacional del Trabjao 38005, Estrategias de competitividad, productividad, recursos humanos, y empleo en los 90 / , 1996